00481cam a22001337a 4500008004000000020001800040100002500058245008900083260003100172300001000203650004100213999001900254952007400273180718b2003 xxu||||| |||| 00| 0 eng d a81 8152 060 2 aRattu, Krishan Kumar aDharmnirpeksh bharatiya loktantra ayodhya gujrat paridrishyacby Krishan Kumar Rattu aJaipurbBook Enclavec2003 a454p. aPolitical science - Indian Democracy c439352d439352 00104070aIIPAbIIPAd2010-04-27p78922r2018-07-21w2018-07-21yBK